Langues par extraits - Extrême - Statistiques

Statistiques générales
  • Ce quiz a été pris 7 fois
  • Le résultat moyen est 2 sur 15
Statistiques - réponses
Langue % Correct
Féroïen
57%
Breton
43%
Xhosa
43%
Groenlandais (Kalaallisut)
29%
Tatar
29%
Inuktitut
14%
Same (du Nord)
14%
Dzongkha
0%
Guarani
0%
Kannada
0%
Maldivien
0%
Nahuatl
0%
Tchouvache
0%
Tigrigna
0%
Twi
0%
Aucun quiz correspondant
Distribution des résultats
% des personnes avec chaque résultat
Percentile par nombre de réponses
Votre historique - résultats
Vous n’avez pas pris ce quiz